<?xml version="1.0" encoding="UTF-8"?>
<collection xmlns="http://www.loc.gov/MARC21/slim">
 <record>
  <leader>01073nmm a2200205   4500</leader>
  <controlfield tag="001">1/33102</controlfield>
  <controlfield tag="008">070725suuuu    gr     f   ba       gre  </controlfield>
  <datafield tag="035" ind1=" " ind2=" ">
   <subfield code="l">35510</subfield>
  </datafield>
  <datafield tag="040" ind1=" " ind2=" ">
   <subfield code="a">GR-PeUP</subfield>
  </datafield>
  <datafield tag="082" ind1="0" ind2="0">
   <subfield code="a">CD-ROM 425 TES</subfield>
  </datafield>
  <datafield tag="245" ind1="0" ind2="0">
   <subfield code="a">Tests Αγγλικών :</subfield>
   <subfield code="h">Αρχείο [Η/Υ].</subfield>
  </datafield>
  <datafield tag="260" ind1="0" ind2=" ">
   <subfield code="a">Αθήνα :</subfield>
   <subfield code="b">Interlearn,</subfield>
   <subfield code="c">[199;].</subfield>
  </datafield>
  <datafield tag="300" ind1=" " ind2=" ">
   <subfield code="a">1 οπτικό δίσκο :</subfield>
   <subfield code="b">έγχρ. ;</subfield>
   <subfield code="c">4 3/4 in. +</subfield>
   <subfield code="e">Περιέχει εγχειρίδιο χρήσης (24 εκ. 16 σ.).</subfield>
  </datafield>
  <datafield tag="520" ind1="0" ind2=" ">
   <subfield code="a">Διάφοροι τύποι ασκήσεων,Θεωρία στα ελληνικά και στα Αγγλικά,Δημιουργία και εκτύπωση tests.</subfield>
  </datafield>
  <datafield tag="538" ind1=" " ind2=" ">
   <subfield code="a">Ελάχιστες απαιτήσεις συστήματος: Windows 95/98/Me.</subfield>
  </datafield>
  <datafield tag="650" ind1=" " ind2="4">
   <subfield code="a">CD-ROMs.</subfield>
  </datafield>
  <datafield tag="650" ind1=" " ind2="4">
   <subfield code="a">Multimedia.</subfield>
  </datafield>
  <datafield tag="650" ind1=" " ind2="4">
   <subfield code="a">Test of English for International Communication</subfield>
   <subfield code="x">Study guides.</subfield>
  </datafield>
  <datafield tag="650" ind1=" " ind2="4">
   <subfield code="a">Αγγλική γλώσσα</subfield>
   <subfield code="x">Σπουδή και διδασκαλία.</subfield>
  </datafield>
  <datafield tag="852" ind1=" " ind2=" ">
   <subfield code="a">INST</subfield>
   <subfield code="b">UNIPILB</subfield>
   <subfield code="c">MMEDIA</subfield>
   <subfield code="e">20070726</subfield>
   <subfield code="h">CD-ROM 425 TES</subfield>
   <subfield code="p">00153237</subfield>
   <subfield code="q">00153237</subfield>
   <subfield code="t">NOLOAN</subfield>
   <subfield code="y">23</subfield>
   <subfield code="4">1</subfield>
  </datafield>
 </record>
</collection>
